Statistics for All Blackpool Pleasure Beach Roller Coasters

Click here to take the quiz!

General Stats

  • This quiz has been taken 299 times
    (36 since last reset)
  • The average score is 7 of 10

Answer Stats

HintAnswer% Correct
(1994)The Big One
100%
(2018)Icon
96%
(1923)Big Dipper
88%
(1935)
Grand National
77%
(2007)Infusion
77%
(1933)Nickelodeon Streak
69%
(1977)Steeplechase
69%
(1979)Revolution
65%
(1988)Avalanche
54%
(1934)Blue Flyer
46%

Score Distribution

Percentile by Number Answered

Percent of People with Each Score

Your Score History

You have not taken this quiz since the last reset